000 00929nam a22002657a 4500
005 20170123162340.0
010 _a642398
020 _c00.00
035 _a642398
037 _bCen Lib/Ret
040 _aDPL
_bUR
082 _a842
_bو ا و
100 _aحرمین ووک
_9126674
245 _aفوجی عدالت میں ایک دلچسپ مقدمہ /
_cحرمین ووک ; منوہر سہے
246 _aFoji adlat men ek dilchasp maqadma /
_bby Harmeen Vavuk ;traslated by Manohar Sahaye
260 _bانڈین اکادمی
_aنیی دہلی
_c1965
270 _bنیی دہلی
_a٢٩ نریندر پریس
300 _a124p.
_c18cm(Hb)
650 _aادب -- اردو
_9126675
650 _aاردو ڈرامے
_9126676
650 _aLiterature -- Urdu
_9126677
650 _aUrdu drame
_9126678
700 _a منوہر سہے
_9126679
942 _2ddc
_cUR
_h842
_mو ا و
999 _c108446
_d108446